George, George or George Quiz Stats

 Plays Quiz Updated Apr 10, 2018

Challenge
Share
Tweet
Embed
Score 0/20 Timer 04:00
1 Play Today
Question Answer Wrong Answers
Usually ranked among the top 3 Presidents ever. George Washington
93%
George H. W. Bush
1.3%
George W. Bush
0.8%
Was an Army General. George Washington
90.9%
George H. W. Bush
3.1%
George W. Bush
1.3%
Was a non-partisan President. George Washington
90.4%
George H. W. Bush
2.6%
George W. Bush
2%
Married to a woman called Martha. George Washington
89.7%
George H. W. Bush
3.4%
George W. Bush
2.2%
Received 100% of the Electoral College votes. George Washington
88.9%
George H. W. Bush
4.2%
George W. Bush
2%
Was born in Virginia. George Washington
87.7%
George H. W. Bush
4.4%
George W. Bush
3.1%
Was Vice President. George H. W. Bush
86.3%
George Washington
2.8%
George W. Bush
6%
Married to a woman called Laura. George W. Bush
85.9%
George Washington
2.1%
George H. W. Bush
7.2%
Had a brother who also ran for President. George W. Bush
84.4%
George Washington
4.2%
George H. W. Bush
6.5%
Married to a woman called Barbara. George H. W. Bush
84.1%
George Washington
1.8%
George W. Bush
9.3%
Was the Governor of Texas. George W. Bush
83.6%
George Washington
1.3%
George H. W. Bush
10.3%
Won the presidency without winning the popular vote. George W. Bush
82.8%
George Washington
6.6%
George H. W. Bush
5.6%
Succeeded a President from the same party. George H. W. Bush
81.1%
George Washington
4.1%
George W. Bush
10%
Saw active duty as a Navy Lieutenant. George H. W. Bush
78.7%
George Washington
7%
George W. Bush
9.4%
Served only one term as President. George H. W. Bush
77.1%
George Washington
13.3%
George W. Bush
4.7%
Served in the Air National Guard. George W. Bush
73.1%
George Washington
2.2%
George H. W. Bush
20%
The only of these three Presidents to have a 'Department of War.' George Washington
72.4%
George H. W. Bush
6.7%
George W. Bush
16%
Signed the North American Free Trade Agreement (NAFTA). George H. W. Bush
66.2%
George Washington
3.1%
George W. Bush
25.9%
Was born in Massachusetts. George H. W. Bush
65.7%
George Washington
14.9%
George W. Bush
14.5%
Was born in Connecticut. George W. Bush
54.5%
George Washington
12.5%
George H. W. Bush
28.4%

You're not logged in!

Compare scores with friends on all Sporcle quizzes.
OR
Log In

You Might Also Like...

Show Comments

Extras

Top Quizzes Today


Score Distribution

Your Account Isn't Verified!

In order to create a playlist on Sporcle, you need to verify the email address you used during registration. Go to your Sporcle Settings to finish the process.

Report this User

Report this user for behavior that violates our Community Guidelines.

Details: